=LDR 00000nam 2200000 4500 =001 INLIS000000000007101 =005 20251120114756 =035 ##$$a 0010-1125000975 =007 ta =008 251120###########################0#ind## =082 ##$$a 304.6 =084 ##$$a 304.6 TOS u =100 #$$a Toshio Kuroda =245 1#$$a Urbanization and Policies /$c Badan Koordinasi Keluarga Berencana Nasional =260 ##$$a Jakarta :$b Badan Koordinasi Keluarga Berencana Nasional,$c 1990 =300 ##$$a 31 Hal : $b Ilus ; $c 21 =650 #4$$a Keluarga Berencana =856 ##$$a Perpustakaan Kemendukbangga